| 000 | 00568nam a2200217Ia 4500 | ||
|---|---|---|---|
| 003 | GCL | ||
| 008 | 140319s9999 xx 000 0 eng d | ||
| 040 |
_aGCL / _cGCL |
||
| 082 | 0 | 4 |
_a338.1862 _bB A |
| 100 | 1 | _aNASSER, SAAD | |
| 245 | 1 | 0 |
_aAN AGRICULTURAL POLICY ANALYSIS IN EGYPT / _cNASSER, SAAD |
| 700 | 1 | _aABDON, DYAA | |
| 700 | 1 | _aBISHAY, F.K | |
| 260 |
_a[S.N] : _bFAO ، _c1994 |
||
| 300 | _a179 P | ||
| 650 | 0 | 4 | _aECONOMIC CONDITIONS |
| 650 | 0 | 4 | _aECONOMIC ASPECTS |
| 650 | 0 | 4 | _aAGRICULTURE |
| 650 | 0 | 4 | _aAGRICULTURE AND STATE EGYPT |
| 942 |
_2ddc _cBK |
||
| 999 |
_c13567 _d13567 |
||